|
|
|
|
| LEADER |
01128nam a22002057a 4500 |
| 008 |
171024b xxu||||| |||| 00| 0 eng d |
| 999 |
|
|
|c 20333
|d 20333
|
| 020 |
|
|
|a 9789385064258
|
| 082 |
|
|
|a 294.54321
|b JAY/SUR
|
| 100 |
|
|
|a ജയദേവ
|
| 240 |
|
|
|a Rasaleela : Jayadevakaviyute Geethagovindathinte swathanthra gadya paribhasha
|
| 245 |
|
|
|a രാസലീല :
|b ജയദേവകവിയുടെ ഗീതാഗോവിന്ദത്തിന്റെ സ്വതന്ത്ര ഗദ്യപരിഭാഷ /
|c വിവ : പി. സുരേന്ദ്രന്
|
| 250 |
|
|
|a 1st ed.
|
| 260 |
|
|
|a കോഴിക്കോട് :
|b ലോഗോസ് ബുക്സ്,
|c 2015.
|
| 300 |
|
|
|a 87p.
|
| 650 |
|
|
|a Geethagovindam
|
| 700 |
|
|
|a Surendran, P.
|e translator.
|
| 942 |
|
|
|2 ddc
|c BK
|
| 952 |
|
|
|0 0
|1 0
|2 ddc
|4 0
|6 294_543210000000000_JAY_SUR
|7 0
|9 28206
|a MAIN
|b MAIN
|d 2017-10-24
|e Logos Books
|g 75.00
|o 294.54321 JAY/SUR
|p 26688
|r 2017-10-24
|t 1
|w 2017-10-24
|y BK
|
| 952 |
|
|
|0 0
|1 0
|2 ddc
|4 0
|6 294_543210000000000_JAY_SUR
|7 0
|9 28207
|a MAIN
|b MAIN
|d 2017-10-24
|e Logos Books
|g 75.00
|o 294.54321 JAY/SUR
|p 26689
|r 2017-10-24
|t 2
|w 2017-10-24
|y BK
|